| 000 | 01268aab a2200193 i 4500 | ||
|---|---|---|---|
| 001 | 768714001 | ||
| 003 | CO-MdFUSB | ||
| 005 | 20240409074743.0 | ||
| 008 | 240321t1991 ag ||||| |||| 00| 0 spa d | ||
| 040 |
_bspa _cCO-MdFUSB |
||
| 041 | _aspa | ||
| 110 | _aDeclaración de Kingston | ||
| 245 | 1 | 0 |
_aDeuda externa y narcotráfico _c/ Declaración de Kingston |
| 300 |
_aVolumen 10, número 1 (enero - marzo, 1991), páginas: 26 - 30 _c; 27 cm |
||
| 520 | _aEn la raíz de nuestro sistema encontramos la idolatría como principal pecado: idolatría al tener, del poder y del placer con gran secuelas de víctimas humanas. Lo que está en juego no son las cuentas de los acreedores internacionales sino la vida de millones de personas. que no pueden soportar la permanente amenaza de medidas económicas que traen desempleo, miseria y muerte. Sin conversión personal, el cambio de estructuras termina dando paso a nuevas formas de opresión y de alienación del ser humano. Sin el compromiso con el cambio de estructuras, la conversión se desvanece en un espiritualismo intimista desencarnado. | ||
| 653 | _aNarcotráfico | ||
| 773 | 0 |
_tIglesia y Misión _049402 _959664 _gVolumen 10, número 1 (enero - marzo, 1991), páginas: 26 - 30 _qpágina: 26 |
|
| 942 | _cANA | ||
| 999 |
_c51910 _d51910 |
||